Fr. Conceicao Rodrigues College of Engineering

Cases and problems on materials management (Record no. 22901)

MARC details
000 -LEADER
fixed length control field 00335nam a2200145Ia 4500
082 ## - DEWEY DECIMAL CLASSIFICATION NUMBER
Classification number 658.7
Item number JHA
100 ## - MAIN ENTRY--PERSONAL NAME
Personal name Jhamb / L.C
245 ## - TITLE STATEMENT
Title Cases and problems on materials management
260 ## - PUBLICATION, DISTRIBUTION, ETC.
Name of publisher, distributor, etc. Everest Pub.House
Place of publication, distribution, etc. Pune
Date of publication, distribution, etc. 1987
300 ## - PHYSICAL DESCRIPTION
Extent 190
546 ## - LANGUAGE NOTE
Language note ENGLISH
654 ## - SUBJECT ADDED ENTRY--FACETED TOPICAL TERMS
Focus term materials management
942 ## - ADDED ENTRY ELEMENTS (KOHA)
Koha item type BOOK
Holdings
Withdrawn status Lost status Damaged status Not for loan Collection Home library Current library Shelving location Date acquired Source of acquisition Cost, normal purchase price Inventory number Total Checkouts Full call number Barcode Date last seen Cost, replacement price Price effective from Koha item type
        CRC Fr. Agnel's C.Rodrigues College of Engineering Fr. Agnel's C.Rodrigues College of Engineering   17/03/2023 Progressive Books 40.00 B91129   658.7 JHA 3388 17/03/2023 40.00 17/03/2023 BOOK